Bulimie : jak bojovat s přejídáním / František David Krch
Record details
- ISBN: 978-80-247-2130-9
- Physical Description: 195 s. : il. ; 21 cm
- Edition: 3., dopl. a přeprac. vyd.
- Publisher: Praha : Grada, 2008
Search for related items by subject
| Subject: | mentální bulimie kognitivně-behaviorální terapie autoterapie mental bulimia cognitive-behavioral therapy autotherapy |
| Genre: | příručky handbooks and manuals |
Search for related items by series
Available copies
- 1 of 1 copy available at Common Catalog SPOK.
Holds
- 0 current holds with 1 total copy.
Other Formats and Editions
Show All Copies
| Location | Call Number / Copy Notes | Barcode | Shelving Location | Status | Due Date |
|---|---|---|---|---|---|
| Jabok Library | Psy-8.3.4/K | 424480022744 | Odborná literatura | Available | - |
| LDR | 01458nam a2200421 a 4500 | ||
|---|---|---|---|
| 001 | 1034 | ||
| 003 | CZ-PrJAB | ||
| 005 | 20190329114330.0 | ||
| 007 | ta | ||
| 008 | 071109s2008 xr a e f 000 0 cze | ||
| 015 | . | ‡acnb001763046 | |
| 020 | . | ‡a978-80-247-2130-9 ‡q(brož.) | |
| 035 | . | ‡a(CZ PrNK)nkc20071763046 | |
| 035 | . | ‡a(OCoLC)316673505 | |
| 040 | . | ‡aOLA001 ‡bcze | |
| 072 | 7. | ‡a615.8 ‡xFyzioterapie. Psychoterapie. Alternativní lékařství ‡2Konspekt ‡914 | |
| 080 | . | ‡a616.89-008.441:613.25 ‡2MRF | |
| 080 | . | ‡a[615.851:165.194]:364-785.62 ‡2MRF | |
| 080 | . | ‡a615.8-022.214 ‡2MRF | |
| 080 | . | ‡a(035) ‡2MRF | |
| 100 | 1 | . | ‡aKrch, František David, ‡d1951- ‡7mzk2002148186 ‡4aut |
| 245 | 1 | 0. | ‡aBulimie : ‡bjak bojovat s přejídáním / ‡cFrantišek David Krch |
| 246 | 3 | 0. | ‡aJak bojovat s přejídáním |
| 250 | . | ‡a3., dopl. a přeprac. vyd. | |
| 260 | . | ‡aPraha : ‡bGrada, ‡c2008 | |
| 300 | . | ‡a195 s. : ‡bil. ; ‡c21 cm | |
| 490 | 1 | . | ‡aPsychologie pro každého |
| 650 | 0 | 7. | ‡amentální bulimie ‡7ph122757 ‡2czenas |
| 650 | 0 | 7. | ‡akognitivně-behaviorální terapie ‡7ph121694 ‡2czenas |
| 650 | 0 | 7. | ‡aautoterapie ‡7ph221954 ‡2czenas |
| 650 | 0 | 9. | ‡amental bulimia ‡2eczenas |
| 650 | 0 | 9. | ‡acognitive-behavioral therapy ‡2eczenas |
| 650 | 0 | 9. | ‡aautotherapy ‡2eczenas |
| 655 | 7. | ‡apříručky ‡7fd133209 ‡2czenas | |
| 655 | 9. | ‡ahandbooks and manuals ‡2eczenas | |
| 830 | 0. | ‡aPsychologie pro každého | |
| 910 | . | ‡aABG312 | |
| 995 | . | ‡aska | |
| 901 | . | ‡a1034 ‡bUnknown ‡c1034 ‡tbiblio | |